Villes d'Espagne - Carte Quiz - Statistiques

Statistiques générales
  • Ce quiz a été pris 63 707 fois
  • Le résultat moyen est 8 sur 15
Réponses sur la Carte
Les réponses sont colorées sur une échelle allant du rouge au vert en fonction du pourcentage des utilisateurs qui les ont devinées à leur premier essai. Vous pouvez retrouver ces pourcentages ci-dessous.
 
Statistiques - réponses
Réponse % Correct
Barcelone
86%
Madrid
86%
Palma de Majorque
67%
Bilbao
63%
Séville
62%
Valence
57%
Las Palmas
56%
Malaga
48%
Ceuta
47%
Pampelune
38%
Saragosse
38%
La Corogne
36%
Murcie
31%
Valladolid
30%
Mérida
25%
Aucun quiz correspondant
Distribution des résultats
% des personnes avec chaque résultat
Percentile par nombre de réponses
Votre historique - résultats
Vous n’avez pas pris ce quiz